New progress to proficiency (student's book)

Đã lưu trong:
书目详细资料
主要作者: Leo Jones
格式: 图书
语言:Undetermined
出版: Cambridge Cambridge Univ. Press 2001
主题:
标签: 添加标签
没有标签, 成为第一个标记此记录!
Thư viện lưu trữ: Trung tâm Học liệu Trường Đại học Cần Thơ
LEADER 00549nam a2200205Ia 4500
001 CTU_57227
008 210402s9999 xx 000 0 und d
020 |b 228000 
082 |a 428.24 
082 |b J78 
100 |a Leo Jones 
245 0 |a New progress to proficiency (student's book) 
245 0 |c Leo Jones 
260 |a Cambridge 
260 |b Cambridge Univ. Press 
260 |c 2001 
650 |a english language 
650 |x textbooks for foreign speakers 
904 |i Minh 
980 |a Trung tâm Học liệu Trường Đại học Cần Thơ